[Event "Tenerife-ch Seniors/Women"]
[Site "Santa Cruz de Tenerife"]
[Date "2023.03.20"]
[Round "4.10"]
[White "Kraus, Oliver"]
[Black "Gomez Mederos, Daniel"]
[Result "1-0"]
[WhiteElo "1860"]
[BlackElo "1328"]
[PlyCount "71"]
[EventDate "2023.03.13"]
[EventType "swiss"]
[EventRounds "9"]
[EventCountry "ESP"]
[SourceTitle "EXT 2024"]
[Source "ChessBase"]
[SourceDate "2023.10.10"]
[SourceVersion "1"]
[SourceVersionDate "2023.10.10"]
[SourceQuality "1"]

1. e4 c5 2. Nf3 d6 3. d4 cxd4 4. Nxd4 Nf6 5. Nc3 g6 6. f4 Bg7 7. e5 Ng8 8. Bb5+ Bd7 9. e6 Bxb5 10. exf7+ Kxf7 11. Ndxb5 Nf6 12. Be3 a6 13. Nd4 e5 14. Nf3 Re8 15. fxe5 dxe5 16. Qxd8 Rxd8 17. 0-0 e4 18. Ng5+ Kg8 19. Ne6 Rc8 20. Bd4 Nbd7 21. Nxg7 Kxg7 22. Nxe4 Rc6 23. Rf2 h6 24. Raf1 Rf8 25. c4 g5 26. Nxf6 Nxf6 27. b4 Kg6 28. Rxf6+ Rcxf6 29. Rxf6+ Rxf6 30. Bxf6 Kxf6 31. Kf2 h5 32. Ke3 Ke5 33. a4 h4 34. a5 g4 35. b5 Kd6 36. Kd4 1-0

[Event "Tenerife-ch Seniors/Women"]
[Site "Santa Cruz de Tenerife"]
[Date "2023.03.13"]
[Round "1.6"]
[White "Gomez Mederos, Daniel"]
[Black "Martin Luis, Cesar"]
[Result "0-1"]
[WhiteElo "1328"]
[BlackElo "2037"]
[PlyCount "70"]
[EventDate "2023.03.13"]
[EventType "swiss"]
[EventRounds "9"]
[EventCountry "ESP"]
[SourceTitle "EXT 2024"]
[Source "ChessBase"]
[SourceDate "2023.10.10"]
[SourceVersion "1"]
[SourceVersionDate "2023.10.10"]
[SourceQuality "1"]

1. e4 c6 2. Nc3 d5 3. Nf3 Bg4 4. exd5 cxd5 5. d4 Nc6 6. Be3 Nf6 7. Be2 e6 8. 0-0 Bd6 9. h3 Bh5 10. Qd2 0-0 11. Bf4 Bxf4 12. Qxf4 Bxf3 13. Bxf3 Qb6 14. Rfd1 Qxb2 15. Qd2 Qb6 16. Rab1 Qc7 17. Re1 Rac8 18. Nb5 Qd7 19. Rbc1 a6 20. Nc3 b5 21. a3 Qa7 22. Ne2 Rc7 23. Red1 Rfc8 24. c3 Na5 25. Qa2 Rc4 26. Qb2 Nd7 27. Nf4 Nb6 28. Ne2 Na4 29. Qb1 Nxc3 30. Nxc3 Rxc3 31. Rxc3 Rxc3 32. Rc1 Qc7 33. Re1 g6 34. Qa1 Nb3 35. Qa2 Nxd4 0-1

[Event "Tenerife-chT Tercera"]
[Site "Tenerife"]
[Date "2023.03.11"]
[Round "7.3"]
[White "Gomez Mederos, Daniel"]
[Black "De la Paz Barreto, Aaron"]
[Result "1/2-1/2"]
[WhiteElo "1271"]
[BlackElo "1306"]
[PlyCount "84"]
[EventDate "2023.01.14"]
[EventType "team-tourn"]
[EventRounds "15"]
[EventCountry "ESP"]
[SourceTitle "EXT 2024"]
[Source "ChessBase"]
[SourceDate "2023.10.10"]
[SourceVersion "1"]
[SourceVersionDate "2023.10.10"]
[SourceQuality "1"]
[WhiteTeam "Ebano Barrio Nuevo IV"]
[BlackTeam "Los Laureles"]
[WhiteTeamCountry "ESP"]
[BlackTeamCountry "ESP"]

1. e4 e5 2. Nf3 Nc6 3. d4 exd4 4. Bc4 Bb4+ 5. c3 dxc3 6. 0-0 Nge7 7. Nxc3 Bxc3 8. bxc3 0-0 9. Nd4 d6 10. Bg5 Qd7 11. Bb5 Re8 12. Qa4 f6 13. Bc4+ Kh8 14. Be3 Ne5 15. Bb5 c6 16. Be2 d5 17. f4 N5g6 18. Bh5 Rd8 19. f5 Nf8 20. Rad1 c5 21. Qxd7 Bxd7 22. Nb3 Bb5 23. Rfe1 b6 24. exd5 Nxd5 25. Rxd5 Rxd5 26. Bf3 Rdd8 27. Bxa8 Rxa8 28. Bf4 Re8 29. Rxe8 Bxe8 30. Bb8 a6 31. Nd2 Bc6 32. Ba7 Nd7 33. Nc4 b5 34. Na5 Be4 35. g4 c4 36. Bd4 Ne5 37. Bxe5 fxe5 38. Kf2 Kg8 39. Ke3 Ba8 40. h4 Kf7 41. a3 g6 42. fxg6+ Kxg6 1/2-1/2

[Event "Tenerife-chT Segunda"]
[Site "Tenerife"]
[Date "2023.02.04"]
[Round "4.4"]
[White "Gonzalez Miranda, Alejandro"]
[Black "Gomez Mederos, Daniel"]
[Result "1/2-1/2"]
[WhiteElo "1331"]
[BlackElo "1328"]
[PlyCount "120"]
[EventDate "2023.01.14"]
[EventType "team-tourn"]
[EventRounds "14"]
[EventCountry "ESP"]
[SourceTitle "EXT 2024"]
[Source "ChessBase"]
[SourceDate "2023.10.10"]
[SourceVersion "1"]
[SourceVersionDate "2023.10.10"]
[SourceQuality "1"]
[WhiteTeam "Santa Ursula Badnor"]
[BlackTeam "Ebano Barrio Nuevo III"]
[WhiteTeamCountry "ESP"]
[BlackTeamCountry "ESP"]

1. b3 Nf6 2. Bb2 g6 3. Nf3 Bg7 4. e3 0-0 5. c4 d6 6. d4 c5 7. Be2 cxd4 8. Nxd4 Nc6 9. Nd2 Nxd4 10. Bxd4 Bf5 11. g4 Bc8 12. h4 d5 13. g5 Ne4 14. Bxg7 Kxg7 15. Nxe4 dxe4 16. h5 Qa5+ 17. Qd2 Qxg5 18. Qd4+ Qf6 19. Qxf6+ exf6 20. h6+ Kg8 21. 0-0-0 Be6 22. f3 exf3 23. Bxf3 Rab8 24. Rd6 Rfc8 25. Kb2 b5 26. cxb5 Rxb5 27. Rhd1 Kf8 28. Rd8+ Ke7 29. Rxc8 Bxc8 30. Rc1 Be6 31. Rc7+ Kd6 32. Rxa7 g5 33. Kc3 g4 34. Bxg4 Rc5+ 35. Kd2 Rd5+ 36. Kc3 Rc5+ 37. Kb4 Bxg4 38. Rxf7 Rc7 39. Rxf6+ Ke5 40. Rf4 Be6 41. Rf2 Ke4 42. Rg2 Kxe3 43. Rg3+ Kf4 44. Rd3 Kg5 45. Rd6 Bf7 46. Ra6 Re7 47. Kc3 Re6 48. Ra7 Kg6 49. b4 Be8 50. a4 Kxh6 51. b5 Re4 52. b6 Bc6 53. a5 Re8 54. Rc7 Bf3 55. a6 Rb8 56. b7 Kg6 57. Rc8 Rxb7 58. axb7 Bxb7 59. Rc5 h5 60. Rxh5 Kxh5 1/2-1/2

[Event "Santa Cruz Christmas op 32nd"]
[Site "Santa Cruz"]
[Date "2022.12.27"]
[Round "7"]
[White "Gomez Mederos, Daniel"]
[Black "Conan, Arthur Gabriel"]
[Result "1-0"]
[WhiteElo "1271"]
[BlackElo "1168"]
[PlyCount "49"]
[EventDate "2022.12.15"]
[EventType "swiss"]
[EventRounds "9"]
[EventCountry "ESP"]
[SourceTitle "EXT 2024"]
[Source "ChessBase"]
[SourceDate "2023.10.10"]
[SourceVersion "1"]
[SourceVersionDate "2023.10.10"]
[SourceQuality "1"]

1. e4 e6 2. d4 d5 3. Nc3 dxe4 4. Nxe4 Nd7 5. Nf3 Ngf6 6. Bd3 Nxe4 7. Bxe4 Nf6 8. Bd3 c5 9. 0-0 b6 10. Bg5 Bb7 11. Bb5+ Ke7 12. dxc5 Bxf3 13. Qxf3 bxc5 14. Bxf6+ gxf6 15. Qb7+ Kd6 16. Rad1+ Ke5 17. f4+ Kf5 18. Bd3+ Qxd3 19. cxd3 c4 20. Qe4+ Kg4 21. f5+ Kg5 22. Qf4+ Kh5 23. Rf3 exf5 24. Rh3+ Kg6 25. Qg3# 1-0

[Event "Tenerife-ch"]
[Site "Santa Cruz"]
[Date "2022.05.02"]
[Round "6"]
[White "Gomez Mederos, Daniel"]
[Black "Baldovi Martinez Falero, Federico"]
[Result "1-0"]
[WhiteElo "1216"]
[BlackElo "1365"]
[PlyCount "95"]
[EventDate "2022.04.20"]
[EventType "swiss"]
[EventRounds "9"]
[EventCountry "ESP"]
[SourceTitle "EXT 2023"]
[Source "ChessBase"]
[SourceDate "2022.10.05"]
[SourceVersion "1"]
[SourceVersionDate "2022.10.05"]
[SourceQuality "1"]

1. e4 e5 2. Nf3 Nc6 3. d4 exd4 4. Bc4 h6 5. 0-0 d6 6. Nxd4 Ne5 7. Bb3 Nf6 8. Re1 Be7 9. Nc3 c6 10. h3 0-0 11. Qe2 Kh8 12. Be3 Ng8 13. Rad1 Qc7 14. f4 Ng6 15. Qf3 Bf6 16. Qg3 Bh4 17. Qf3 Bxe1 18. Rxe1 Bd7 19. Qg3 Kh7 20. Nf3 Rae8 21. Bd4 c5 22. Nd5 Qd8 23. Bc3 f6 24. f5 Ne5 25. Nh4 Ne7 26. Nf4 c4 27. Ba4 Bxa4 28. Ne6 Qb6+ 29. Kh1 Rg8 30. Bd4 Qc6 31. b3 Bb5 32. Re3 g5 33. Nf3 cxb3 34. cxb3 Qc1+ 35. Kh2 Rc8 36. Nxe5 dxe5 37. Bc3 Bd7 38. Bd2 Qc6 39. Rc3 Qxe4 40. Nc5 Qxf5 41. Rf3 Qc2 42. Nxd7 Qxd2 43. Nxf6+ Kg7 44. Nxg8 Nxg8 45. Qxe5+ Nf6 46. Rxf6 Kg8 47. Qe6+ Kg7 48. Qf7+ 1-0

[Event "Tenerife-ch"]
[Site "Santa Cruz"]
[Date "2022.04.29"]
[Round "5"]
[White "Gomez Mederos, Daniel"]
[Black "Martin Luis, Cesar"]
[Result "0-1"]
[WhiteElo "1216"]
[BlackElo "2051"]
[PlyCount "54"]
[EventDate "2022.04.20"]
[EventType "swiss"]
[EventRounds "9"]
[EventCountry "ESP"]
[SourceTitle "EXT 2023"]
[Source "ChessBase"]
[SourceDate "2022.10.05"]
[SourceVersion "1"]
[SourceVersionDate "2022.10.05"]
[SourceQuality "1"]

1. e4 e6 2. d4 c5 3. c3 d5 4. e5 Qb6 5. Nf3 Nc6 6. Be2 Nge7 7. b3 cxd4 8. cxd4 Nf5 9. Be3 Bb4+ 10. Kf1 0-0 11. Bd3 Nxe3+ 12. fxe3 f6 13. exf6 Rxf6 14. Ke2 Bd7 15. Qc2 h6 16. Nbd2 Bd6 17. Bh7+ Kh8 18. Nh4 g5 19. Nhf3 Raf8 20. Raf1 Nb4 21. Qb1 Bb5+ 22. Kd1 Bxf1 23. Rxf1 g4 24. Ke1 gxf3 25. Nxf3 Nxa2 26. Qxa2 Kxh7 27. Qf2 Qxb3 0-1

[Event "Tenerife-chT Segunda"]
[Site "Tenerife"]
[Date "2021.09.11"]
[Round "10.2"]
[White "Ruiz Ruiz, Francisco Gabriel"]
[Black "Gomez Mederos, Daniel"]
[Result "0-1"]
[WhiteElo "1604"]
[BlackElo "1096"]
[PlyCount "136"]
[EventDate "2021.02.27"]
[EventType "team-tourn"]
[EventRounds "13"]
[EventCountry "ESP"]
[SourceTitle "EXT 2023"]
[Source "ChessBase"]
[SourceDate "2022.10.05"]
[SourceVersion "1"]
[SourceVersionDate "2022.10.05"]
[SourceQuality "1"]
[WhiteTeam "Fundacion La Caja de Canarias III"]
[BlackTeam "Ebano Barrio Nuevo III"]
[WhiteTeamCountry "ESP"]
[BlackTeamCountry "ESP"]

1. e4 c5 2. Nf3 d6 3. d4 cxd4 4. Nxd4 Nf6 5. Nc3 g6 6. Be3 Bg7 7. h3 0-0 8. Bc4 Nc6 9. 0-0 Bd7 10. Nf3 Qc7 11. Qd2 Na5 12. Bd5 Nc4 13. Bxc4 Qxc4 14. Qd3 Qb4 15. a4 Rfc8 16. a5 Qxb2 17. Na4 Qxc2 18. Qxc2 Rxc2 19. Nd4 Rc4 20. Nb2 Rb4 21. Nd3 Rc4 22. Rac1 Rxc1 23. Rxc1 Rc8 24. Rb1 Rc7 25. Nb5 Bxb5 26. Rxb5 a6 27. Rb4 Rc3 28. Nf4 h6 29. Nd5 Nxd5 30. exd5 Ra3 31. Rxb7 Rxa5 32. Rb8+ Kh7 33. Rb7 Bf6 34. Rb4 Rxd5 35. g4 Rb5 36. Ra4 d5 37. g5 Bxg5 38. Bd4 Bf6 39. Bxf6 exf6 40. Rxa6 d4 41. Rd6 Rb4 42. Kf1 Kg7 43. Ke2 g5 44. Kd3 Kg6 45. Ke2 Kf5 46. Rd7 Rb2+ 47. Kf3 Rb3+ 48. Ke2 d3+ 49. Kd2 h5 50. f3 Rb2+ 51. Kxd3 Rb3+ 52. Ke2 Kf4 53. Rxf7 Rb2+ 54. Kf1 Kxf3 55. Rxf6+ Kg3 56. Rg6 Rb5 57. h4 Kxh4 58. Re6 g4 59. Re2 Rb1+ 60. Kg2 Rb4 61. Re5 g3 62. Re1 Kg4 63. Rf1 Rb2+ 64. Kg1 h4 65. Rf8 Rb1+ 66. Rf1 Rxf1+ 67. Kxf1 Kf3 68. Kg1 g2 0-1

[Event "Tenerife-chT Segunda"]
[Site "Tenerife"]
[Date "2021.06.05"]
[Round "8.2"]
[White "Gonzalez Gonzalez, Guillermo"]
[Black "Gomez Mederos, Daniel"]
[Result "0-1"]
[WhiteElo "1005"]
[BlackElo "1096"]
[PlyCount "88"]
[EventDate "2021.02.27"]
[EventType "team-tourn"]
[EventRounds "13"]
[EventCountry "ESP"]
[SourceTitle "EXT 2023"]
[Source "ChessBase"]
[SourceDate "2022.10.05"]
[SourceVersion "1"]
[SourceVersionDate "2022.10.05"]
[SourceQuality "1"]
[WhiteTeam "Al Shah Mat Los Realejos IV"]
[BlackTeam "Ebano Barrio Nuevo III"]
[WhiteTeamCountry "ESP"]
[BlackTeamCountry "ESP"]

1. e4 c5 2. Nc3 Nc6 3. Bc4 Nf6 4. d3 g6 5. Nf3 Bg7 6. 0-0 0-0 7. Be3 d6 8. h3 Na5 9. Bb3 Nxb3 10. axb3 b6 11. Re1 Bb7 12. d4 Nxe4 13. Nxe4 Bxe4 14. dxc5 dxc5 15. Rb1 Qxd1 16. Rexd1 Bxc2 17. Rdc1 Bxb1 18. Rxb1 Rfd8 19. Nd2 Rd3 20. Nc4 Rad8 21. Bg5 Rd1+ 22. Rxd1 Rxd1+ 23. Kh2 b5 24. Nd2 Be5+ 25. g3 f6 26. Be3 Bd4 27. Ne4 Bxe3 28. fxe3 Rb1 29. Nxc5 Rxb2+ 30. Kg1 a5 31. Nb7 a4 32. bxa4 bxa4 33. Nc5 a3 34. Na4 Rb1+ 35. Kf2 a2 36. Nc3 Rb2+ 37. Kf3 a1Q 38. Ne4 Qf1+ 39. Kg4 h5+ 40. Kh4 g5+ 41. Kxh5 Qf3+ 42. Kg6 Qxe4+ 43. Kh5 g4 44. hxg4 Qh7# 0-1

[Event "Tenerife-ch"]
[Site "Santa Cruz"]
[Date "2021.06.04"]
[Round "7"]
[White "Gomez Mederos, Daniel"]
[Black "Lozano Marques, Manuel"]
[Result "0-1"]
[WhiteElo "1194"]
[BlackElo "1512"]
[PlyCount "112"]
[EventDate "2021.05.21"]
[EventType "swiss"]
[EventRounds "7"]
[EventCountry "ESP"]
[SourceTitle "CBM 203 Extra"]
[Source "ChessBase"]
[SourceDate "2021.09.30"]
[SourceVersion "1"]
[SourceVersionDate "2021.09.30"]
[SourceQuality "1"]

1. e4 c5 2. Nf3 d6 3. h3 e5 4. c3 a6 5. d4 Nd7 6. dxe5 dxe5 7. Bc4 Ngf6 8. Bg5 Be7 9. Bxf6 Bxf6 10. 0-0 0-0 11. Nbd2 Nb6 12. Bb3 Qe7 13. Nc4 Nxc4 14. Bxc4 Be6 15. Bxe6 Qxe6 16. Qd5 Qxd5 17. exd5 Rad8 18. Rad1 Rd6 19. Rfe1 Re8 20. b4 cxb4 21. cxb4 e4 22. Re3 Kf8 23. Ne1 Bg5 24. Rc3 Red8 25. Rc4 f5 26. Rcd4 e3 27. f4 Bh4 28. R4d3 e2 29. Rc1 Rxd5 30. Rxd5 Rxd5 31. Kh2 Rd1 32. Rc8+ Ke7 33. Nf3 e1Q 34. Nxe1 Bxe1 35. Rc7+ Rd7 36. Rc5 g6 37. Re5+ Kf6 38. Rxe1 Rd4 39. Re8 Rxf4 40. Rf8+ Kg7 41. Rb8 Rxb4 42. Rc8 h5 43. Rc7+ Kh6 44. a3 Rb3 45. a4 a5 46. Rc5 b6 47. Rc6 h4 48. Rc4 Rb4 49. Rc6 f4 50. Rd6 Rb2 51. Rd3 Ra2 52. Rd4 g5 53. Rd6+ Kh5 54. Rxb6 f3 55. Kg1 Rxg2+ 56. Kf1 Ra2 0-1

[Event "Tenerife-ch"]
[Site "Santa Cruz"]
[Date "2021.06.02"]
[Round "6"]
[White "Aguirre Lorenzo, Luis Francisco"]
[Black "Gomez Mederos, Daniel"]
[Result "1-0"]
[WhiteElo "1798"]
[BlackElo "1194"]
[PlyCount "73"]
[EventDate "2021.05.21"]
[EventType "swiss"]
[EventRounds "7"]
[EventCountry "ESP"]
[SourceTitle "CBM 203 Extra"]
[Source "ChessBase"]
[SourceDate "2021.09.30"]
[SourceVersion "1"]
[SourceVersionDate "2021.09.30"]
[SourceQuality "1"]

1. d4 Nf6 2. c4 g6 3. Nc3 Bg7 4. e4 d6 5. Nf3 0-0 6. Be2 Nbd7 7. 0-0 Re8 8. e5 dxe5 9. dxe5 Ng4 10. e6 fxe6 11. Ng5 Nde5 12. Bxg4 Qxd1 13. Bxd1 Nxc4 14. Bb3 Nd6 15. Nxe6 Bxe6 16. Bxe6+ Kh8 17. Nd5 Red8 18. Bg5 Nf5 19. Nxc7 Rab8 20. Bxf5 gxf5 21. Ne6 Bxb2 22. Rab1 Rd6 23. Bf4 Rxe6 24. Bxb8 Bd4 25. Rfe1 Ra6 26. Rxe7 Rxa2 27. Be5+ Bxe5 28. Rxe5 f4 29. Re8+ Kg7 30. Re7+ Kf6 31. Rexb7 a5 32. Rxh7 a4 33. h4 a3 34. Ra7 Kg6 35. Rb5 Ra1+ 36. Kh2 a2 37. Rba5 1-0

[Event "Tenerife-ch"]
[Site "Santa Cruz"]
[Date "2021.05.31"]
[Round "5"]
[White "Mariani, Romeo"]
[Black "Gomez Mederos, Daniel"]
[Result "0-1"]
[WhiteElo "1321"]
[BlackElo "1194"]
[PlyCount "171"]
[EventDate "2021.05.21"]
[EventType "swiss"]
[EventRounds "7"]
[EventCountry "ESP"]
[SourceTitle "CBM 203 Extra"]
[Source "ChessBase"]
[SourceDate "2021.09.30"]
[SourceVersion "1"]
[SourceVersionDate "2021.09.30"]
[SourceQuality "1"]

1. e4 c5 2. Nf3 d6 3. d4 cxd4 4. Nxd4 Nf6 5. Nc3 g6 6. Bd3 Bg7 7. Nf3 Nc6 8. Bd2 0-0 9. 0-0 Bg4 10. Be2 Qb6 11. Rb1 Rfd8 12. h3 Bxf3 13. Bxf3 Nd4 14. Be3 Nxf3+ 15. Qxf3 Qc6 16. Bg5 Qc5 17. Bxf6 Bxf6 18. Nd5 Qxc2 19. Rfc1 Qa4 20. a3 Rac8 21. Nxf6+ exf6 22. Qxf6 Qxe4 23. Re1 Qf5 24. Qe7 Rd7 25. Qe3 Rc5 26. b4 Re5 27. Qxa7 Rde7 28. Red1 Kg7 29. Qd4 Qf6 30. Kh2 Re2 31. Qxf6+ Kxf6 32. Rxd6+ Kg7 33. f3 Ra2 34. Rdd1 Rxa3 35. b5 Ra5 36. Rdc1 Re5 37. b6 Rab5 38. f4 Rxb1 39. Rxb1 Rd5 40. Kg3 Kf6 41. Kf3 Ke6 42. Ke4 Kd6 43. Rb4 f5+ 44. Ke3 Kc6 45. g4 fxg4 46. hxg4 Rb5 47. Rxb5 Kxb5 48. f5 gxf5 49. gxf5 Kc6 50. Kf4 Kd7 51. Ke5 h5 52. Kf6 h4 53. Kg7 h3 54. f6 h2 55. f7 h1Q 56. f8Q Qg2+ 57. Kh6 Qc6+ 58. Kg5 Qxb6 59. Qf7+ Kc6 60. Qe6+ Kb5 61. Qe2+ Ka5 62. Qa2+ Kb5 63. Qe2+ Kc6 64. Qe4+ Kc7 65. Qc4+ Kb8 66. Qg8+ Ka7 67. Qa2+ Qa6 68. Qf2+ b6 69. Qf7+ Qb7 70. Qa2+ Kb8 71. Qh2+ Ka8 72. Qa2+ Qa7 73. Qh2 Qg7+ 74. Kf5 Qf7+ 75. Ke4 Qc4+ 76. Kf5 b5 77. Qh8+ Kb7 78. Qh1+ Kb6 79. Qh6+ Ka5 80. Qd2+ b4 81. Qd8+ Ka4 82. Qa8+ Kb3 83. Qf3+ Qc3 84. Qd5+ Ka3 85. Qa8+ Kb2 86. Qg2+ 0-1

[Event "Tenerife-ch"]
[Site "Santa Cruz"]
[Date "2021.05.26"]
[Round "3"]
[White "Fernandez Vazquez, Jorge"]
[Black "Gomez Mederos, Daniel"]
[Result "1-0"]
[WhiteElo "2019"]
[BlackElo "1194"]
[PlyCount "113"]
[EventDate "2021.05.21"]
[EventType "swiss"]
[EventRounds "7"]
[EventCountry "ESP"]
[SourceTitle "CBM 203 Extra"]
[Source "ChessBase"]
[SourceDate "2021.09.30"]
[SourceVersion "1"]
[SourceVersionDate "2021.09.30"]
[SourceQuality "1"]

1. c4 c5 2. Nf3 Nc6 3. e3 Nf6 4. d4 cxd4 5. exd4 d5 6. Nc3 Bg4 7. Be2 dxc4 8. d5 Bxf3 9. Bxf3 Ne5 10. 0-0 Nxf3+ 11. Qxf3 g6 12. Re1 Bg7 13. d6 Qxd6 14. Qxb7 0-0 15. Rxe7 Ng4 16. Qc7 Be5 17. Qxd6 Bxd6 18. Re4 Bxh2+ 19. Kf1 Nf6 20. Rxc4 Be5 21. Be3 Rfb8 22. Rc5 Bd6 23. Rc6 Be5 24. Na4 Nd5 25. Bh6 Rb4 26. Re1 Bxb2 27. Nxb2 Rh4 28. Be3 Nb4 29. Rc4 Rh1+ 30. Ke2 Rxe1+ 31. Kxe1 Nxa2 32. Kd2 Rb8 33. Nd3 a5 34. Ra4 Nb4 35. Nc5 Rd8+ 36. Ke2 Nc6 37. Nb7 Rb8 38. Nc5 Rb2+ 39. Kd3 Nb4+ 40. Ke4 f5+ 41. Kf3 Nc6 42. Nd3 Rc2 43. Bb6 Rc3 44. Ke2 Rc2+ 45. Ke3 Rc3 46. Kd2 Rb3 47. Bxa5 Nxa5 48. Rxa5 Kg7 49. g3 Kh6 50. Ra7 Rb8 51. Ke3 Re8+ 52. Kf3 Rc8 53. Ne5 Rc3+ 54. Kg2 Rb3 55. f4 Rb2+ 56. Kh3 g5 57. Nf7+ 1-0

[Event "Isla de Tenerife U1500 2nd"]
[Site "Puerto de la Cruz"]
[Date "2021.04.03"]
[Round "6"]
[White "Ferrer Rodriguez, Daniel"]
[Black "Gomez Mederos, Daniel"]
[Result "1-0"]
[WhiteElo "1467"]
[BlackElo "1043"]
[PlyCount "55"]
[EventDate "2021.04.01"]
[EventType "tourn"]
[EventRounds "7"]
[EventCountry "ESP"]
[SourceTitle "EXT 2022"]
[Source "ChessBase"]
[SourceDate "2021.10.06"]
[SourceVersion "1"]
[SourceVersionDate "2021.10.06"]
[SourceQuality "1"]

1. c4 e5 2. Nc3 Nf6 3. Nf3 Nc6 4. g3 Be7 5. Bg2 0-0 6. 0-0 d5 7. cxd5 Nxd5 8. d4 exd4 9. Nxd4 Nxd4 10. Nxd5 Nf5 11. e4 Nd6 12. Qc2 c6 13. Nxe7+ Qxe7 14. Be3 Re8 15. Bc5 b6 16. Bxd6 Qxd6 17. Rfd1 Qc7 18. e5 Bb7 19. f4 c5 20. Rd6 Bxg2 21. Qxg2 Red8 22. Qd5 Rxd6 23. exd6 Qd8 24. Re1 Rb8 25. d7 Ra8 26. Qxa8 Qxa8 27. Re8+ Qxe8 28. dxe8Q# 1-0

[Event "Isla de Tenerife U1500 2nd"]
[Site "Puerto de la Cruz"]
[Date "2021.04.01"]
[Round "2"]
[White "De la Paz Barreto, Aaron"]
[Black "Gomez Mederos, Daniel"]
[Result "0-1"]
[WhiteElo "1071"]
[BlackElo "1043"]
[PlyCount "94"]
[EventDate "2021.04.01"]
[EventType "tourn"]
[EventRounds "7"]
[EventCountry "ESP"]
[SourceTitle "EXT 2022"]
[Source "ChessBase"]
[SourceDate "2021.10.06"]
[SourceVersion "1"]
[SourceVersionDate "2021.10.06"]
[SourceQuality "1"]

1. e4 c5 2. Nf3 d6 3. d4 cxd4 4. Nxd4 Nc6 5. Bb5 Bd7 6. Nc3 a6 7. Be2 Nf6 8. 0-0 e6 9. f4 Qb6 10. e5 dxe5 11. fxe5 Nxd4 12. Be3 Bc5 13. exf6 Nxe2+ 14. Qxe2 Bxe3+ 15. Kh1 gxf6 16. Rxf6 Bd4 17. Rff1 Bxc3 18. Qf3 0-0-0 19. Qxc3+ Qc6 20. Qe1 Rhg8 21. Rg1 Rg6 22. Rd1 Rdg8 23. Qf2 Qe4 24. Rd2 Qe5 25. h3 Rxg2 26. Rxg2 Rxg2 27. Qxg2 Bc6 28. Qxc6+ bxc6 29. Rf2 Qxb2 30. Rxf7 Qc1+ 31. Kg2 Qxc2+ 32. Rf2 Qg6+ 33. Kf1 Qd3+ 34. Kg2 Qd5+ 35. Kf1 Qf5 36. h4 Qxf2+ 37. Kxf2 Kd7 38. Ke3 Kd6 39. Kf4 c5 40. Ke4 e5 41. h5 c4 42. a4 Kc5 43. h6 c3 44. Kd3 Kb4 45. a5 Kb3 46. Ke2 c2 47. Kd2 Kb2 0-1

[Event "Tenerife-chT Segunda"]
[Site "Tenerife"]
[Date "2021.03.13"]
[Round "3.3"]
[White "Gomez Mederos, Daniel"]
[Black "Gallardo Jimenez, Juan Manuel"]
[Result "0-1"]
[WhiteElo "1096"]
[BlackElo "1308"]
[PlyCount "80"]
[EventDate "2021.02.27"]
[EventType "team-tourn"]
[EventRounds "13"]
[EventCountry "ESP"]
[SourceTitle "EXT 2023"]
[Source "ChessBase"]
[SourceDate "2022.10.05"]
[SourceVersion "1"]
[SourceVersionDate "2022.10.05"]
[SourceQuality "1"]
[WhiteTeam "Ebano Barrio Nuevo III"]
[BlackTeam "La Victoria 94 II"]
[WhiteTeamCountry "ESP"]
[BlackTeamCountry "ESP"]

1. e4 d5 2. exd5 Qxd5 3. Nc3 Qd8 4. Nf3 b6 5. Bb5+ c6 6. Bc4 b5 7. Bb3 e6 8. 0-0 Nf6 9. d4 a5 10. a3 Bb7 11. Bg5 a4 12. Ba2 Be7 13. Ne5 Nbd7 14. Re1 0-0 15. Nxd7 Qxd7 16. Ne4 Nd5 17. Bxe7 Qxe7 18. Nc5 Bc8 19. Qh5 Qf6 20. Qe5 Qxe5 21. dxe5 g6 22. Ne4 Kg7 23. Nd6 Rb8 24. Bxd5 cxd5 25. Re3 b4 26. Nxc8 Rfxc8 27. axb4 Rxb4 28. g3 Rxc2 29. Rea3 Rbxb2 30. Rf3 Rc4 31. Rfa3 Rbb4 32. R3a2 g5 33. Ra3 h6 34. R3a2 Kg6 35. Ra3 Kf5 36. R3a2 Kxe5 37. Re1+ Kd6 38. Rd1 f5 39. Rd3 Rb3 40. Rdd2 a3 0-1

[Event "Isla de Tenerife U2000 1st"]
[Site "Tenerife"]
[Date "2021.02.06"]
[Round "8.2"]
[White "Mamani Beltran, Deniman"]
[Black "Gomez Mederos, Daniel"]
[Result "1-0"]
[WhiteElo "1889"]
[BlackElo "1096"]
[PlyCount "49"]
[EventDate "2021.01.23"]
[EventType "tourn"]
[EventRounds "9"]
[EventCountry "ESP"]
[SourceTitle "EXT 2024"]
[Source "ChessBase"]
[SourceDate "2023.10.10"]
[SourceVersion "1"]
[SourceVersionDate "2023.10.10"]
[SourceQuality "1"]

1. Nc3 Nc6 2. e4 e5 3. f4 d6 4. Nf3 Nf6 5. d4 exd4 6. Nxd4 Bg4 7. Nxc6 bxc6 8. Be2 Bxe2 9. Qxe2 Rb8 10. b3 Be7 11. 0-0 0-0 12. Qa6 Ra8 13. Qxc6 Nd7 14. Nd5 Rc8 15. Bb2 Nb6 16. Rae1 Nxd5 17. exd5 Bf6 18. Bc3 Bxc3 19. Qxc3 Re8 20. Qd4 Qd7 21. Qd2 Rxe1 22. Rxe1 Re8 23. Kf2 Rxe1 24. Qxe1 Qf5 25. Qe8# 1-0

[Event "Tenerife U2000 1st"]
[Site "Tenerife"]
[Date "2021.01.31"]
[Round "6"]
[White "Gonzalez Estevez, Eduardo"]
[Black "Gomez Mederos, Daniel"]
[Result "1-0"]
[WhiteElo "1183"]
[BlackElo "1096"]
[PlyCount "95"]
[EventDate "2021.01.23"]
[EventType "tourn"]
[EventRounds "9"]
[EventCountry "ESP"]
[SourceTitle "CBM 200 Extra"]
[Source "ChessBase"]
[SourceDate "2021.03.31"]
[SourceVersion "1"]
[SourceVersionDate "2021.03.31"]
[SourceQuality "1"]

1. d4 g6 2. Bf4 Bg7 3. e3 Nf6 4. c4 d6 5. Nf3 0-0 6. Be2 Bf5 7. h3 Nbd7 8. Nc3 c5 9. Bh2 Qb6 10. Qd2 Ne4 11. Nxe4 Bxe4 12. Rd1 a5 13. 0-0 Qb4 14. a3 Qa4 15. Rc1 Nb6 16. Ng5 Bf5 17. e4 Bd7 18. d5 Bc8 19. Nf3 Qd7 20. Bf4 a4 21. Bh6 Rd8 22. Bxg7 Kxg7 23. e5 Qf5 24. Qc3 Kg8 25. Qe3 Qd7 26. Qh6 f6 27. e6 Qe8 28. Bd3 Qf8 29. Qf4 Rb8 30. Qd2 Na8 31. Qa5 Nc7 32. Qxc7 Ra8 33. Qb6 Ra6 34. Qb5 b6 35. Bc2 Bb7 36. Bxa4 Qe8 37. Qxe8+ Rxe8 38. Bxe8 Ra8 39. Bb5 Ba6 40. Bxa6 Rxa6 41. Rc3 Ra5 42. Rb3 Ra6 43. Rb5 f5 44. Rc1 Kg7 45. Rc3 Kf6 46. Rcb3 f4 47. Rxb6 Rxb6 48. Rxb6 1-0

[Event "Tenerife U2000 1st"]
[Site "Tenerife"]
[Date "2021.01.24"]
[Round "3"]
[White "Baez Luis, Adrian"]
[Black "Gomez Mederos, Daniel"]
[Result "1-0"]
[WhiteElo "1622"]
[BlackElo "1096"]
[PlyCount "47"]
[EventDate "2021.01.23"]
[EventType "tourn"]
[EventRounds "9"]
[EventCountry "ESP"]
[SourceTitle "CBM 200 Extra"]
[Source "ChessBase"]
[SourceDate "2021.03.31"]
[SourceVersion "1"]
[SourceVersionDate "2021.03.31"]
[SourceQuality "1"]

1. e4 c5 2. Nf3 Nc6 3. d4 cxd4 4. Nxd4 g6 5. Nc3 Bg7 6. Be3 Nf6 7. Qd2 0-0 8. f3 a6 9. 0-0-0 d6 10. Nxc6 bxc6 11. Bh6 Nd7 12. h4 e6 13. h5 d5 14. hxg6 fxg6 15. Bxg7 Kxg7 16. Qh6+ Kf7 17. Qxh7+ Ke8 18. Qxg6+ Ke7 19. exd5 cxd5 20. Nxd5+ exd5 21. Rh7+ Rf7 22. Rxf7+ Ke8 23. Rg7+ Kf8 24. Qf7# 1-0